[Event "CIS Serie C Girone 21"]
[Site "Piacenza ITA"]
[Date "2026.05.13"]
[Round "1.1"]
[White "SALAMI, Marco"]
[Black "DE SIMONE, Alessandro"]
[Result "1-0"]
[WhiteElo "2101"]
[BlackElo "1825"]
[PlyCount "69"]
[EventDate "2026.03.13"]

1. d4 g6 2. e4 Bg7 3. Nc3 a6 4. a4 d6 5. Be3 Nf6 6. Be2 Nbd7 7. f4 e5 8. dxe5
dxe5 9. fxe5 Nxe5 10. Qxd8+ Kxd8 11. O-O-O+ Ke8 12. h3 Be6 13. Nf3 Nxf3 14.
gxf3 Nh5 15. Bd3 Be5 16. Ne2 Ng3 17. Nxg3 Bxg3 18. f4 Bd7 19. h4 Bxa4 20. Rdg1
Bxf4 21. Bxf4 Kd7 22. h5 Bc6 23. hxg6 hxg6 24. Rxh8 Rxh8 25. Kd2 Rh4 26. Ke3 b5
27. b4 Rh3+ 28. Bg3 Rh5 29. Rf1 Rh7 30. Kd4 Kc8 31. Be5 Bd7 32. c4 Be8 33. cxb5
axb5 34. Rc1 f5 35. exf5 1-0

[Event "CIS Serie C Girone 21"]
[Site "Piacenza ITA"]
[Date "2026.05.13"]
[Round "1.2"]
[White "MORASCHI, Pierangelo"]
[Black "VARINI, Simone"]
[Result "0-1"]
[WhiteElo "1782"]
[BlackElo "1888"]
[PlyCount "64"]
[EventDate "2026.03.13"]

1. d4 f5 2. c4 Nf6 3. Nc3 e6 4. g3 Be7 5. Bg2 c6 6. d5 d6 7. Nf3 cxd5 8. cxd5
e5 9. Qa4+ Qd7 10. Qb3 Na6 11. O-O Nc5 12. Qc4 b6 13. Nxe5 dxe5 14. d6 Ba6 15.
Qh4 Rc8 16. dxe7 h6 17. Bg5 hxg5 18. Qxh8+ Kf7 19. Qh3 g4 20. Qh4 Ne6 21. Rfd1
Qxe7 22. Nd5 Nxd5 23. Rxd5 Qxh4 24. gxh4 Kf6 25. Rd7 Bxe2 26. Rxa7 Rc2 27. Bd5
Nf4 28. Bb3 Nh3+ 29. Kg2 Bf3+ 30. Kf1 Rxf2+ 31. Ke1 Re2+ 32. Kf1 Rxh2 0-1

[Event "CIS Serie C Girone 21"]
[Site "Piacenza ITA"]
[Date "2026.05.13"]
[Round "1.3"]
[White "BINI, Massimo"]
[Black "ADINOLFI, Filippo"]
[Result "1-0"]
[WhiteElo "1862"]
[BlackElo "1710"]
[PlyCount "57"]
[EventDate "2026.03.13"]

1. d4 d5 2. Bf4 Nf6 3. e3 c5 4. dxc5 Nc6 5. Bb5 Bg4 6. Qd4 g6 7. Be5 Bg7 8. Nc3
Bf5 9. g4 O-O 10. Bxc6 bxc6 11. gxf5 Rb8 12. b4 a5 13. a3 Qd7 14. e4 gxf5 15.
exd5 axb4 16. axb4 Rxb4 17. Qxb4 Nxd5 18. Qd4 Qe6 19. Nf3 f6 20. Rg1 fxe5 21.
Nxe5 Kh8 22. Rxg7 Kxg7 23. Nxd5 cxd5 24. Ke2 f4 25. Kd2 Qf6 26. Rg1+ Kh8 27. c6
e6 28. c7 Rc8 29. Nf7# 1-0

[Event "CIS Serie C Girone 21"]
[Site "Piacenza ITA"]
[Date "2026.05.13"]
[Round "1.4"]
[White "OLIVEIRA PROVENZANO, Frederico"]
[Black "LEONI, Fabrizio"]
[Result "0-1"]
[WhiteElo "1621"]
[BlackElo "1862"]
[PlyCount "64"]
[EventDate "2026.03.13"]

1. e4 c6 2. d4 d5 3. f3 dxe4 4. fxe4 e5 5. Nf3 Bg4 6. Bc4 Nd7 7. O-O Ngf6 8.
Bg5 Be7 9. Bxf6 gxf6 10. Bxf7+ Kxf7 11. Ng5+ Kg6 12. Qxg4 fxg5 13. Qf5+ Kh6 14.
Qe6+ Bf6 15. dxe5 Re8 16. Qh3+ Kg7 17. exf6+ Nxf6 18. Qf5 Qd4+ 19. Kh1 Nxe4 20.
Nc3 Nxc3 21. Qf7+ Kh8 22. bxc3 Qg7 23. Qb3 Re7 24. h3 Rd8 25. Rad1 Rxd1 26.
Rxd1 Qf7 27. Rd8+ Kg7 28. Qxf7+ Kxf7 29. Kh2 Kf6 30. Rf8+ Kg6 31. Kg3 Re3+ 32.
Kg4 h5# 0-1

[Event "CIS Serie C Girone 21"]
[Site "Piacenza ITA"]
[Date "2026.05.13"]
[Round "1.5"]
[White "TIRELLI, Stefano"]
[Black "GRASSO, Gaetano"]
[Result "0-1"]
[WhiteElo "1594"]
[BlackElo "1962"]
[PlyCount "106"]
[EventDate "2026.03.13"]

1. d4 d6 2. c4 f5 3. Nc3 Nf6 4. Nf3 e6 5. h3 Be7 6. Bf4 Nc6 7. e3 O-O 8. Be2
Qe8 9. O-O h6 10. Nb5 Bd8 11. d5 e5 12. Bh2 Nb8 13. Qc2 a6 14. Nc3 c5 15. a4
Ba5 16. Nd2 Qg6 17. f4 Nbd7 18. fxe5 Nxe5 19. Bf4 Nf7 20. Nf3 Ne4 21. Nxe4 fxe4
22. Nh4 Qh7 23. Bh5 g5 24. Bg6 Qg7 25. Nf5 Bxf5 26. Bxf5 gxf4 27. Rxf4 Kh8 28.
Rg4 Qf6 29. Bxe4 Ne5 30. Rf4 Qg7 31. Raf1 Rxf4 32. exf4 Nd7 33. Qd3 Qd4+ 34.
Kh1 Qxd3 35. Bxd3 Rf8 36. g3 Kg7 37. Kg2 Nf6 38. Rf2 Re8 39. Kf3 Re1 40. g4 Nd7
41. b3 Bc3 42. Re2 Rf1+ 43. Kg2 Rxf4 44. Bf5 Ne5 45. Kg3 Rd4 46. Kh4 Rd2 47.
Rxd2 Bxd2 48. Kh5 b6 49. h4 Kf6 50. Bc2 Nf3 51. Bd1 Nd4 52. g5+ hxg5 53. hxg5+
Bxg5 0-1

[Event "CIS Serie C Girone 21"]
[Site "Piacenza ITA"]
[Date "2026.05.13"]
[Round "1.6"]
[White "CRISCI, Carlo"]
[Black "BERGONZI, Andrea"]
[Result "1-0"]
[WhiteElo "1636"]
[BlackElo "1594"]
[PlyCount "115"]
[EventDate "2026.03.13"]

1. e4 Nf6 2. e5 Nd5 3. c4 Nb6 4. d4 d6 5. exd6 exd6 6. Be3 g6 7. Nc3 Bg7 8. Qd2
Qe7 9. Be2 Nc6 10. O-O-O Bf5 11. g4 Bd7 12. h4 O-O-O 13. f4 Rde8 14. Bf2 f5 15.
g5 Qf7 16. b3 Kb8 17. h5 d5 18. c5 Nc8 19. h6 Bf8 20. Nf3 b6 21. b4 Nxb4 22.
Ne5 Qe6 23. Qb2 Nc6 24. Bf3 Nxe5 25. Bxd5 Nd3+ 26. Rxd3 Qe7 27. Re3 Qd8 28. c6
Rxe3 29. Bxe3 Be8 30. Qb5 Qe7 31. Qd3 Qa3+ 32. Kc2 Bb4 33. Bd2 Bxc3 34. Bxc3
Qa4+ 35. Bb3 Qxc6 36. d5 Qc5 37. Kd2 Bb5 38. Qd4 Qxd4+ 39. Bxd4 Re8 40. Be5 Nd6
41. Rc1 Kb7 42. Kc3 Rc8 43. Kd4 Bd7 44. Bxd6 cxd6 45. Rxc8 Bxc8 46. Kc4 Ka6 47.
Kb4 b5 48. a3 Kb6 49. Ba2 a5+ 50. Kc3 Kc5 51. Bb1 Kxd5 52. Bd3 Ba6 53. Bxf5 Bb7
54. Bxg6 Ke6 55. f5+ Ke7 56. Bxh7 Be4 57. f6+ Kf7 58. Bxe4 1-0

[Event "CIS Serie C Girone 21"]
[Site "Piacenza ITA"]
[Date "2026.05.13"]
[Round "1.7"]
[White "BRUNO, Carmine"]
[Black "MANNO, Filippo"]
[Result "1-0"]
[WhiteElo "1610"]
[BlackElo "1529"]
[PlyCount "49"]
[EventDate "2026.03.13"]

1. d4 f5 2. Nc3 Nf6 3. Bg5 e6 4. g4 fxg4 5. h3 Be7 6. e3 h5 7. Bxf6 Bxf6 8.
hxg4 h4 9. Nf3 d5 10. Qd3 Rh6 11. O-O-O Nc6 12. e4 e5 13. exd5 Nxd4 14. Nxd4
exd4 15. Ne4 Qxd5 16. Nxf6+ Rxf6 17. Qxd4 Qxh1 18. Qd8+ Kf7 19. Bc4+ Be6 20.
Qxc7+ Kf8 21. Rxh1 Rc8 22. Qd6+ Ke8 23. Bxe6 Rc6 24. Qd7+ Kf8 25. Qd8# 1-0

[Event "CIS Serie C Girone 21"]
[Site "Piacenza ITA"]
[Date "2026.05.13"]
[Round "1.8"]
[White "ROCCHI, Renato"]
[Black "MARTINO, Gianluca"]
[Result "1-0"]
[WhiteElo "1513"]
[BlackElo "1523"]
[PlyCount "95"]
[EventDate "2026.03.13"]

1. e4 c6 2. d4 d6 3. Nf3 Qc7 4. Bd3 Nf6 5. c4 g6 6. Nc3 a6 7. h3 Bg7 8. Bf4 Nh5
9. Bh2 Bh6 10. Ne2 Qa5+ 11. Kf1 Nd7 12. a3 Qd8 13. b4 O-O 14. Rg1 Ng7 15. g4
Ne6 16. d5 Ng5 17. Nxg5 Bxg5 18. f4 Bf6 19. Ra2 e5 20. f5 g5 21. Ng3 Bh8 22.
Nh5 Nf6 23. Rf2 h6 24. Bg3 Nxh5 25. gxh5 f6 26. Qg4 Kh7 27. Rfg2 Bd7 28. Qd1
Qe7 29. Be2 cxd5 30. cxd5 Rac8 31. Be1 b5 32. h4 Qd8 33. hxg5 fxg5 34. Bg4 Bf6
35. Rc2 Rxc2 36. Qxc2 Qc8 37. Rg2 Qb8 38. Qb3 Rc8 39. Rc2 Rc7 40. Bd2 Qc8 41.
Rxc7 Qxc7 42. Qc3 Qxc3 43. Bxc3 Bd8 44. Ke2 Kg7 45. Kd3 Bb6 46. f6+ Kxf6 47.
Bxd7 g4 48. Bxg4 1-0

[Event "CIS Serie C Girone 21"]
[Site "Piacenza ITA"]
[Date "2026.05.14"]
[Round "2.1"]
[White "CUCCHI, Alessandro"]
[Black "SALAMI, Marco"]
[Result "1-0"]
[WhiteElo "1855"]
[BlackElo "2101"]
[PlyCount "115"]
[EventDate "2026.03.13"]

1. c4 e6 2. g3 d5 3. cxd5 exd5 4. Nf3 Nf6 5. Bg2 Bd6 6. O-O O-O 7. Nc3 c6 8. d3
Re8 9. Re1 Bg4 10. Qc2 Nbd7 11. e4 dxe4 12. dxe4 Qa5 13. Nd4 Qh5 14. f4 Bc5 15.
Be3 Bh3 16. Bf3 Ng4 17. Qe2 Rad8 18. Nc2 Ndf6 19. Bxc5 Qxc5+ 20. Ne3 Nxe3 21.
Qxe3 Qxe3+ 22. Rxe3 Rd2 23. e5 Rxb2 24. Rd1 Ng4 25. Re2 Rxe2 26. Bxe2 Nh6 27.
Ne4 Rb8 28. Bc4 Bg4 29. Rd2 Kf8 30. Ng5 Ke7 31. h3 Bd7 32. g4 Be8 33. Nxh7 b5
34. Bb3 Rd8 35. Rxd8 Kxd8 36. Kf2 Kc7 37. Ng5 a5 38. Ne4 a4 39. Bc2 Bd7 40. f5
Kb6 41. Nd6 Kc5 42. g5 Ng8 43. Nxf7 Kd5 44. Ke3 Ne7 45. Be4+ Kc5 46. e6 Be8 47.
f6 Ng8 48. fxg7 b4 49. Nh6 Ne7 50. g8=Q Nxg8 51. Nxg8 b3 52. axb3 a3 53. Bb1
Kb4 54. Kd2 Kxb3 55. Kc1 Bg6 56. e7 a2 57. Bxa2+ Kxa2 58. Nf6 1-0

[Event "CIS Serie C Girone 21"]
[Site "Piacenza ITA"]
[Date "2026.05.14"]
[Round "2.2"]
[White "LEONI, Fabrizio"]
[Black "REGNANTE, Riccardo"]
[Result "0-1"]
[WhiteElo "1862"]
[BlackElo "1906"]
[PlyCount "88"]
[EventDate "2026.03.13"]

1. d4 Nf6 2. Nf3 g6 3. c4 Bg7 4. g3 c5 5. d5 d6 6. Nc3 O-O 7. Bg2 Na6 8. O-O
Nc7 9. e4 Bg4 10. Qd3 Rb8 11. Be3 a6 12. a4 Nd7 13. Qc2 b5 14. axb5 axb5 15.
Nd2 Ne5 16. cxb5 Nxb5 17. f4 Nxc3 18. bxc3 Nd7 19. h3 Be2 20. Rfe1 Bb5 21. c4
Bxc4 22. Nxc4 Bxa1 23. Rxa1 Nb6 24. e5 Nxc4 25. Qxc4 Rb4 26. Qc3 Qb6 27. h4 Rb8
28. h5 Rb1+ 29. Kf2 Qb2+ 30. Bd2 Qxa1 31. hxg6 Qxc3 32. gxh7+ Kxh7 33. Be4+ Kg8
34. Bxc3 Rc1 35. Bd2 Rb2 36. Ke3 Rd1 37. Ba5 Rg1 38. Kf3 Rb3+ 39. Kf2 Rgxg3 40.
exd6 exd6 41. Bc7 Rgc3 42. Kg1 Rb2 43. Bg2 Rg3 44. Bxd6 Rgxg2+ 0-1

[Event "CIS Serie C Girone 21"]
[Site "Piacenza ITA"]
[Date "2026.05.14"]
[Round "2.3"]
[White "MALABARBA, Lyubomir"]
[Black "DECANETO, Erick"]
[Result "0-1"]
[WhiteElo "1587"]
[BlackElo "1830"]
[PlyCount "66"]
[EventDate "2026.03.13"]

1. e4 c6 2. d4 d5 3. Nc3 dxe4 4. Nxe4 Bf5 5. Ng3 Bg6 6. Nf3 Qc7 7. h4 h6 8. Bd3
Bxd3 9. Qxd3 Nd7 10. Be3 Ngf6 11. O-O e6 12. c4 Bd6 13. Ne4 Nxe4 14. Qxe4 Nf6
15. Qd3 O-O 16. g3 Rfd8 17. Qc2 Ng4 18. Qe4 Nxe3 19. Qxe3 c5 20. d5 exd5 21.
cxd5 Re8 22. Qc3 Bxg3 23. fxg3 Qxg3+ 24. Kh1 Re2 25. Qxg7+ Kxg7 26. Rg1 Qxg1+
27. Rxg1+ Kf8 28. Rf1 Rd8 29. Rd1 f6 30. h5 Rxb2 31. Nh4 c4 32. Ng6+ Kf7 33.
Re1 Re8 0-1

[Event "CIS Serie C Girone 21"]
[Site "Piacenza ITA"]
[Date "2026.05.14"]
[Round "2.4"]
[White "TONGHINI, Rosolino"]
[Black "D'ERRICO, Andrea"]
[Result "1-0"]
[WhiteElo "1812"]
[BlackElo "1601"]
[PlyCount "55"]
[EventDate "2026.03.13"]

1. e4 c6 2. d4 d5 3. Nc3 dxe4 4. Nxe4 Bf5 5. Ng3 Bg6 6. Nf3 Nf6 7. h4 Nh5 8.
Ne5 Nxg3 9. fxg3 Nd7 10. Nxg6 hxg6 11. Bc4 e5 12. Rf1 Nf6 13. Bg5 exd4 14. Qe2+
Be7 15. Bxf6 gxf6 16. Rxf6 d3 17. cxd3 Qd4 18. Rxf7 Qc5 19. O-O-O Kd8 20. Re1
Re8 21. Kb1 b5 22. Bb3 a5 23. d4 Qd6 24. d5 c5 25. Qxb5 Ra7 26. Re6 Qxg3 27. d6
Ra8 28. Qb6+ 1-0

[Event "CIS Serie C Girone 21"]
[Site "Piacenza ITA"]
[Date "2026.05.14"]
[Round "2.5"]
[White "DE SIMONE, Alessandro"]
[Black "TIRELLI, Stefano"]
[Result "1-0"]
[WhiteElo "1825"]
[BlackElo "1594"]
[PlyCount "129"]
[EventDate "2026.03.13"]

1. d4 Nf6 2. c4 d6 3. Nc3 Nbd7 4. e4 e5 5. d5 Nc5 6. f3 a5 7. Be3 b6 8. a3 Bd7
9. b4 axb4 10. axb4 Rxa1 11. Qxa1 Nb3 12. Qd1 Nd4 13. Bxd4 exd4 14. Nce2 Qa8
15. Nxd4 Qa3 16. Qd2 Be7 17. Nge2 O-O 18. g3 Ra8 19. Bg2 Ra4 20. Nc2 Qb2 21.
Nc3 Rxb4 22. Nxb4 Qxb4 23. O-O Qxc4 24. Rc1 Qb4 25. Qf2 Ne8 26. Na2 Qa3 27. Rc3
Qa4 28. Qc2 Qd4+ 29. Kh1 Bf6 30. Rd3 Qe5 31. f4 Qh5 32. Bf3 Bg4 33. Qd1 Bxf3+
34. Qxf3 Qxf3+ 35. Rxf3 Bd4 36. Ra3 Bc5 37. Ra8 Kf8 38. Nc3 Ke7 39. Kg2 Kd7 40.
Nb5 f6 41. Na7 Ke7 42. Kf3 f5 43. Nc6+ Kf7 44. e5 dxe5 45. fxe5 g5 46. Nd8+ Ke7
47. Nc6+ Kf7 48. Rd8 h5 49. h4 gxh4 50. gxh4 b5 51. Kf4 b4 52. Rb8 Bb6 53. Nxb4
Bf2 54. Kg5 Be3+ 55. Kxf5 Ng7+ 56. Ke4 Bb6 57. Rb7 Ne8 58. d6 Ke6 59. Nd5 Ba5
60. dxc7 Kd7 61. Rb8 Nxc7 62. Nxc7 Bxc7 63. Rh8 Ke6 64. Rh6+ Kd7 65. Rxh5 1-0

[Event "CIS Serie C Girone 21"]
[Site "Piacenza ITA"]
[Date "2026.05.14"]
[Round "2.6"]
[White "BERGONZI, Andrea"]
[Black "MORASCHI, Pierangelo"]
[Result "1-0"]
[WhiteElo "1594"]
[BlackElo "1782"]
[PlyCount "93"]
[EventDate "2026.03.13"]

1. e4 e5 2. Nf3 Nc6 3. Bc4 Nf6 4. d3 d6 5. a4 g6 6. c3 Bg7 7. Nbd2 O-O 8. O-O
Qe7 9. Re1 Be6 10. Bxe6 fxe6 11. Nc4 h6 12. h3 g5 13. Qe2 Rae8 14. b4 Nd7 15.
b5 Nd8 16. d4 exd4 17. cxd4 c5 18. bxc6 Nxc6 19. e5 dxe5 20. Ba3 Nb4 21. Ncxe5
Nxe5 22. Nxe5 Bxe5 23. Qxe5 b6 24. a5 bxa5 25. Qxa5 Rb8 26. Rab1 Qf7 27. Bxb4
Qxf2+ 28. Kh1 Rf5 29. Bc5 Rc8 30. Qc3 g4 31. Qe3 Qxe3 32. Rxe3 e5 33. hxg4 Rg5
34. Bxa7 exd4 35. Re4 d3 36. Rd1 Rd8 37. Kg1 Rd7 38. Be3 Rg6 39. Kf2 Rdg7 40.
Kf3 Rf7+ 41. Kg3 Rd7 42. Kh4 Rf6 43. Rd4 Rh7 44. Rd8+ Kf7 45. Rd7+ Kg6 46. Rxh7
Kxh7 47. Rxd3 1-0

[Event "CIS Serie C Girone 21"]
[Site "Piacenza ITA"]
[Date "2026.05.14"]
[Round "2.7"]
[White "ADINOLFI, Filippo"]
[Black "CASTELLANA, Marco"]
[Result "0-1"]
[WhiteElo "1710"]
[BlackElo "1542"]
[PlyCount "42"]
[EventDate "2026.03.13"]

1. c4 e5 2. Nc3 Nf6 3. Nf3 Nc6 4. e3 Bb4 5. Qc2 Bxc3 6. Qxc3 d6 7. d4 O-O 8.
dxe5 dxe5 9. Nxe5 Nxe5 10. Qxe5 Re8 11. Qg5 h6 12. Qh4 Re4 13. Qg3 Nh5 14. Qf3
Bg4 15. Be2 Bxf3 16. Bxf3 Re5 17. O-O c6 18. b3 Nf6 19. Bb2 Re8 20. Rfd1 Qe7
21. Rd3 Rad8 0-1

[Event "CIS Serie C Girone 21"]
[Site "Piacenza ITA"]
[Date "2026.05.14"]
[Round "2.8"]
[White "MARTINO, Gianluca"]
[Black "OLIVEIRA PROVENZANO, Frederico"]
[Result "0-1"]
[WhiteElo "1523"]
[BlackElo "1621"]
[PlyCount "98"]
[EventDate "2026.03.13"]

1. e4 e5 2. Nf3 Nc6 3. Bb5 a6 4. Ba4 Nf6 5. d3 Bc5 6. c3 O-O 7. Nbd2 b5 8. Bb3
Na5 9. Bc2 Re8 10. b4 Bxf2+ 11. Kxf2 Ng4+ 12. Kg1 Ne3 13. Qe2 Nxc2 14. Rb1 Nc6
15. Nf1 N2xb4 16. cxb4 d6 17. Be3 Be6 18. Ng5 Qf6 19. Nxe6 Qxe6 20. Ng3 a5 21.
bxa5 Rxa5 22. Rb2 Rea8 23. Qc2 d5 24. Qb3 d4 25. Qxe6 fxe6 26. Bf2 Rxa2 27.
Rxb5 Ra1+ 28. Nf1 Rc1 29. h3 Raa1 30. Kh2 Rxf1 31. Rxf1 Rxf1 32. Bg3 Rc1 33.
Bxe5 Nxe5 34. Rxe5 Kf7 35. Ra5 Rc3 36. Ra7 Kf6 37. h4 Rxd3 38. Rxc7 Re3 39. g3
Rxe4 40. Kg2 Re5 41. Rd7 Rd5 42. Rxd5 exd5 43. Kf3 Ke5 44. h5 h6 45. g4 d3 46.
Ke3 d4+ 47. Kxd3 Kf4 48. Kxd4 Kxg4 49. Ke4 Kxh5 0-1

[Event "CIS Serie C Girone 21"]
[Site "Piacenza ITA"]
[Date "2026.05.14"]
[Round "3.1"]
[White "CARRAI, Giacomo"]
[Black "DE SIMONE, Alessandro"]
[Result "0-1"]
[WhiteElo "1691"]
[BlackElo "1825"]
[PlyCount "27"]
[EventDate "2026.03.13"]

1. d4 d5 2. c4 c6 3. Nf3 Nf6 4. e3 Bf5 5. Nc3 e6 6. Bd3 Bxd3 7. Qxd3 Nbd7 8.
O-O Bd6 9. c5 Bc7 10. b4 a6 11. a4 O-O 12. a5 e5 13. dxe5 Nxe5 14. Nd4 0-1

[Event "CIS Serie C Girone 21"]
[Site "Piacenza ITA"]
[Date "2026.05.14"]
[Round "3.2"]
[White "MORASCHI, Pierangelo"]
[Black "PRICOP, Mihail"]
[Result "1-0"]
[WhiteElo "1782"]
[BlackElo "1707"]
[PlyCount "103"]
[EventDate "2026.03.13"]

1. d4 g6 2. e4 Bg7 3. Nc3 d6 4. f3 Nd7 5. Be3 c6 6. Qd2 b5 7. a4 b4 8. Na2 a5
9. Nc1 Ba6 10. Bxa6 Rxa6 11. c3 c5 12. Nge2 Ngf6 13. O-O O-O 14. Rd1 Qb6 15. e5
Nd5 16. Bf2 c4 17. Nf4 Nxf4 18. Qxf4 Qb8 19. exd6 Qxd6 20. Qxd6 Rxd6 21. Ne2
Nb6 22. Kf1 Nd5 23. Bg3 Rd7 24. Kf2 g5 25. f4 h6 26. h4 g4 27. f5 Rb7 28. Rab1
e6 29. fxe6 fxe6+ 30. Kg1 bxc3 31. Nxc3 Rb3 32. Nxd5 Rxg3 33. Nb6 c3 34. bxc3
Rxc3 35. d5 g3 36. dxe6 Re8 37. e7 Re3 38. Nd5 Re4 39. Re1 Rxe1+ 40. Rxe1 Bd4+
41. Kf1 Bc5 42. Nf6+ Kf7 43. Nxe8 Kxe8 44. Re5 Bxe7 45. h5 Kd7 46. Rxa5 Bd8 47.
Rd5+ Kc7 48. Rxd8 Kxd8 49. Ke2 Kc7 50. Kf3 Kb6 51. Kxg3 Ka5 52. Kf4 1-0

[Event "CIS Serie C Girone 21"]
[Site "Piacenza ITA"]
[Date "2026.05.14"]
[Round "3.3"]
[White "CRISCI, Carlo"]
[Black "ADINOLFI, Filippo"]
[Result "1/2-1/2"]
[WhiteElo "1636"]
[BlackElo "1710"]
[PlyCount "42"]
[EventDate "2026.03.13"]

1. e4 e5 2. d4 exd4 3. c3 dxc3 4. Bc4 Nc6 5. Nf3 Be7 6. Nxc3 d6 7. h3 Nf6 8.
Qe2 O-O 9. Bf4 Re8 10. Ng5 d5 11. Rd1 Bd7 12. Nxd5 Nxd5 13. Qh5 Bxg5 14. Bxg5
Rxe4+ 15. Kf1 Nf6 16. Qxf7+ Kh8 17. Bxf6 Qxf6 18. Rxd7 Ne5 19. Qxf6 gxf6 20.
Bd3 Nxd7 21. Bxe4 Nc5 1/2-1/2

[Event "CIS Serie C Girone 21"]
[Site "Piacenza ITA"]
[Date "2026.05.14"]
[Round "3.4"]
[White "OLIVEIRA PROVENZANO, Frederico"]
[Black "MANNO, Filippo"]
[Result "1-0"]
[WhiteElo "1621"]
[BlackElo "1529"]
[PlyCount "54"]
[EventDate "2026.03.13"]

1. e4 e6 2. d4 d5 3. exd5 exd5 4. Bd3 Bd6 5. Nc3 Nf6 6. Bg5 Be7 7. h3 O-O 8.
Nf3 c6 9. O-O Be6 10. Re1 h6 11. Bh4 Nbd7 12. a3 Re8 13. b4 b5 14. Ne2 Qc7 15.
Nc1 a5 16. c3 axb4 17. cxb4 Bxb4 18. Re2 Rxa3 19. Bg3 Qb7 20. Rxa3 Bxa3 21. Nb3
Ra8 22. Qc2 Ne8 23. Nc5 Nxc5 24. dxc5 b4 25. Nd4 Qc8 26. Bf5 Bxf5 27. Nxf5 Nf6
1-0

[Event "CIS Serie C Girone 21"]
[Site "Piacenza ITA"]
[Date "2026.05.14"]
[Round "3.5"]
[White "TIRELLI, Stefano"]
[Black "CUCCHI, Alessandro"]
[Result "1-0"]
[WhiteElo "1594"]
[BlackElo "1855"]
[PlyCount "72"]
[EventDate "2026.03.13"]

1. d4 Nf6 2. c4 g6 3. Nc3 Bg7 4. e4 d6 5. Nf3 O-O 6. Be2 Nbd7 7. h3 b6 8. O-O
Bb7 9. Qc2 e5 10. d5 a5 11. Be3 Kh8 12. a3 Nh5 13. b4 Nf4 14. Nb5 Nf6 15. Bxf4
exf4 16. Nbd4 Re8 17. Bd3 Re7 18. Rfe1 Qe8 19. Ra2 axb4 20. axb4 Rxa2 21. Qxa2
Nxe4 22. Nb5 f5 23. Nfd4 Bxd4 24. Nxd4 Nc3 25. Rxe7 Qxe7 26. Qd2 Ne4 27. Qxf4
Qf6 28. Ne6 g5 29. Qe3 Qa1+ 30. Kh2 Qe5+ 31. g3 Qb2 32. Bxe4 fxe4 33. Nxg5 Qxb4
34. Qd4+ Kg8 35. Ne6 Kf7 36. Qg7+ Ke8 1-0

[Event "CIS Serie C Girone 21"]
[Site "Piacenza ITA"]
[Date "2026.05.14"]
[Round "3.6"]
[White "REGNANTE, Riccardo"]
[Black "BRUNO, Carmine"]
[Result "1/2-1/2"]
[WhiteElo "1906"]
[BlackElo "1610"]
[PlyCount "74"]
[EventDate "2026.03.13"]

1. c4 f5 2. Nc3 Nf6 3. d4 d6 4. Nf3 g6 5. g3 Bg7 6. Bg2 O-O 7. O-O c6 8. Re1
Ne4 9. Qc2 Nxc3 10. bxc3 e5 11. e4 fxe4 12. Qxe4 Bf5 13. Qe2 Nd7 14. Be3 Qa5
15. Qd2 Nb6 16. Qc1 Nxc4 17. Bh6 e4 18. Bxg7 Kxg7 19. Nh4 d5 20. Bf1 Nd6 21. c4
Rac8 22. Qg5 Qd8 23. Qxd8 Rfxd8 24. c5 g5 25. Ng2 Nf7 26. Ne3 Nh6 27. Rab1 Rc7
28. Rb2 Bc8 29. Reb1 Rf8 30. a4 a5 31. h3 Nf5 32. Nxf5+ Rxf5 33. Be2 Rff7 34.
Bg4 Bxg4 35. hxg4 Kg6 36. Kg2 h6 37. Rb3 Rce7 1/2-1/2

[Event "CIS Serie C Girone 21"]
[Site "Piacenza ITA"]
[Date "2026.05.14"]
[Round "3.7"]
[White "CASTELLANA, Marco"]
[Black "MALABARBA, Lyubomir"]
[Result "0-1"]
[WhiteElo "1542"]
[BlackElo "1587"]
[PlyCount "90"]
[EventDate "2026.03.13"]

1. e4 e5 2. Nf3 Nc6 3. Bc4 Nf6 4. Nc3 Nxe4 5. Nxe4 d5 6. Bd3 dxe4 7. Bxe4 Bd6
8. O-O Bg4 9. c3 f5 10. Bxc6+ bxc6 11. h3 Bh5 12. d3 O-O 13. Qb3+ Bf7 14. Qc2
h6 15. Re1 Qf6 16. Bd2 Bd5 17. Qd1 e4 18. c4 exf3 19. cxd5 fxg2 20. Bc3 Qh4 21.
Qf3 cxd5 22. Qxd5+ Kh7 23. Qxg2 Qg5 24. Qxg5 hxg5 25. Re6 a5 26. Rae1 Rfd8 27.
Rd1 Ra6 28. Kf1 Raa8 29. Rde1 Bb4 30. Rd1 Rd6 31. Re7 Bxc3 32. bxc3 c6 33. Re5
Kg6 34. d4 a4 35. Rde1 Kf6 36. R1e2 a3 37. Re8 Ra4 38. Rf8+ Kg6 39. Rfe8 Rc4
40. R2e3 c5 41. d5 Rxd5 42. R3e6+ Kh7 43. Re3 Rd1+ 44. Ke2 Ra1 45. Kd3 Rh4 0-1

[Event "CIS Serie C Girone 21"]
[Site "Piacenza ITA"]
[Date "2026.05.14"]
[Round "3.8"]
[White "D'ERRICO, Andrea"]
[Black "MARTINO, Gianluca"]
[Result "1-0"]
[WhiteElo "1601"]
[BlackElo "1523"]
[PlyCount "52"]
[EventDate "2026.03.13"]

1. Nf3 Nf6 2. g3 d6 3. Bg2 g6 4. d3 Bg7 5. e4 Bg4 6. Nc3 c6 7. O-O O-O 8. Be3
Nbd7 9. Qd2 Re8 10. Bh6 Bh8 11. Nh4 e5 12. f4 Qb6+ 13. Kh1 exf4 14. Rxf4 Nh5
15. Rxg4 Qxb2 16. Rf1 Bxc3 17. Qf2 Qxa2 18. Nf5 Re6 19. d4 Nhf6 20. Rg5 Rxe4
21. Bxe4 Nxe4 22. Ne7+ Kh8 23. Qxf7 Qxf7 24. Rxf7 Bxd4 25. Rg4 d5 26. Kg2 Ne5
1-0

[Event "CIS Serie C Girone 21"]
[Site "Piacenza ITA"]
[Date "2026.05.15"]
[Round "4.1"]
[White "REGNANTE, Riccardo"]
[Black "GRASSO, Gaetano"]
[Result "1-0"]
[WhiteElo "1906"]
[BlackElo "1962"]
[PlyCount "143"]
[EventDate "2026.03.13"]

1. e4 d5 2. exd5 Qxd5 3. Nc3 Qa5 4. d4 Nf6 5. Bd2 Bg4 6. f3 Bd7 7. Bc4 Qb6 8.
Nge2 e6 9. O-O a5 10. Kh1 Bb4 11. d5 O-O 12. dxe6 Bxe6 13. Bxe6 fxe6 14. Nf4
Na6 15. Qe2 Rae8 16. Nd3 Bd6 17. Ne4 Nb4 18. Nxd6 cxd6 19. Nxb4 axb4 20. Qc4
Nd5 21. Rfe1 Rf5 22. Re2 Qc6 23. Qd3 g6 24. Rae1 e5 25. Qb3 Kg7 26. Bxb4 Ref8
27. Rd2 Nxb4 28. Qxb4 d5 29. Rde2 e4 30. Kg1 Qf6 31. c3 exf3 32. Qe7+ Rf7 33.
Qxf6+ R5xf6 34. gxf3 Rxf3 35. Re7 Rd3 36. R1e2 b5 37. R7e6 h5 38. Rb6 Rf4 39.
Rxb5 Rd1+ 40. Kg2 Rg4+ 41. Kf3 Rd3+ 42. Kf2 Rh4 43. Ke1 Rdh3 44. a4 d4 45. cxd4
Rxd4 46. b3 Rdd3 47. Rb2 Rhe3+ 48. Re2 Rxb3 49. Rxb3 Rxb3 50. Ra2 Rb6 51. a5
Ra6 52. Kd2 Rf6 53. Ke3 g5 54. a6 Rf8 55. a7 Re8+ 56. Kd4 Ra8 57. Ke5 h4 58.
Kf5 Kh6 59. Kg4 Kg6 60. Ra6+ Kf7 61. Kxg5 h3 62. Kg4 Kg7 63. Kxh3 Rh8+ 64. Kg4
Ra8 65. Kg5 Kf7 66. h4 Rg8+ 67. Kf5 Ra8 68. Ke5 Ke7 69. h5 Kd7 70. h6 Kc7 71.
h7 Kb7 72. Ra1 1-0

[Event "CIS Serie C Girone 21"]
[Site "Piacenza ITA"]
[Date "2026.05.15"]
[Round "4.2"]
[White "PRICOP, Mihail"]
[Black "PERRONE, Agostino"]
[Result "1/2-1/2"]
[WhiteElo "1707"]
[BlackElo "1731"]
[PlyCount "94"]
[EventDate "2026.03.13"]

1. d4 d5 2. c4 c6 3. cxd5 cxd5 4. Nc3 Nf6 5. Bf4 a6 6. e3 g6 7. Bd3 Bg7 8. Nf3
O-O 9. O-O Nc6 10. Rc1 Re8 11. Ne5 Nh5 12. Nxc6 bxc6 13. Bg3 Nxg3 14. hxg3 e5
15. dxe5 Bxe5 16. Na4 Qa5 17. a3 Qc7 18. Qc2 a5 19. Qc5 Qe7 20. Rc2 Bd6 21. Qd4
Be6 22. Rb1 Rac8 23. b4 axb4 24. axb4 Ra8 25. Nc5 Rec8 26. f4 h5 27. Kf2 h4 28.
Rh1 Bxc5 29. bxc5 f6 30. Bxg6 Qg7 31. f5 Bxf5 32. Bxf5 Qxg3+ 33. Kf1 Rf8 34.
Qg4+ Qxg4 35. Bxg4 Ra1+ 36. Kf2 Rxh1 37. Bd7 Kf7 38. Bxc6 Rc8 39. Bxd5+ Ke7 40.
c6 h3 41. Rc4 h2 42. Rh4 Kd6 43. Bf3 Rc7 44. g3 Ra1 45. Rxh2 Ra2+ 46. Kg1 Ra1+
47. Kf2 Ra2+ 1/2-1/2

[Event "CIS Serie C Girone 21"]
[Site "Piacenza ITA"]
[Date "2026.05.15"]
[Round "4.3"]
[White "MALABARBA, Lyubomir"]
[Black "ROCCHI, Renato"]
[Result "1-0"]
[WhiteElo "1587"]
[BlackElo "1513"]
[PlyCount "110"]
[EventDate "2026.03.13"]

1. e4 c5 2. Nf3 d6 3. Nc3 Nf6 4. d4 cxd4 5. Nxd4 a6 6. Be2 e6 7. O-O Be7 8. Be3
O-O 9. a4 Nbd7 10. f4 Qc7 11. f5 e5 12. Nf3 Nc5 13. Bd3 Bd7 14. h3 Rac8 15. g4
Nxd3 16. cxd3 Bc6 17. Rc1 Qd8 18. g5 Nh5 19. h4 f6 20. Nxe5 Ng3 21. Nxc6 bxc6
22. Rf2 fxg5 23. h5 Bf6 24. Qg4 Be5 25. Rf3 Bxc3 26. Rxg3 Bf6 27. Bxg5 Bxg5 28.
Qxg5 Qxg5 29. Rxg5 Rf6 30. Kf2 h6 31. Rg6 Kf7 32. Ke3 c5 33. b3 Rb8 34. Rcg1
Rxg6 35. hxg6+ Kf6 36. Rb1 a5 37. Kd2 Rb4 38. Kc3 Ke5 39. Rh1 Kf6 40. Rh2 Rd4
41. Rd2 Ke5 42. Rf2 Kf6 43. Rh2 Rb4 44. Rd2 Ke5 45. Rd1 Rd4 46. Kd2 Rb4 47. Rb1
d5 48. Rc1 dxe4 49. Rxc5+ Kd6 50. Rb5 Rd4 51. Rxa5 Rxd3+ 52. Kc2 Ke7 53. Ra7+
Rd7 54. Rxd7+ Kxd7 55. a5 e3 1-0